000 00605nam a22002177a 4500
003 UA-OsUOA
001 92628
007 ta
008 20121220b un ||||| |||| 00| 0 ukr d
090 _a821.161.2
_bА35
942 _cBK
040 _aUA-OsUOA
_brus
_cUA-OsUOA
_dUA-OsUOA
245 _aАзбука для несовершеннолетних
_bсборник
300 _a461 с.
955 _a3
041 _arus
080 _a821.161.2
260 _aМ.
_bМолодая гвардия
_c1985
650 7 _a82 Література. Літературознавство
_2UDC
999 _c378820
_d378820